[Event "POL-chT 2nd League"]
[Site "Sypniewo"]
[Date "2021.09.04"]
[Round "1.11"]
[White "Przybylski, Bartosz1111"]
[Black "Strepikowski, Pawel"]
[Result "0-1"]
[WhiteElo "1667"]
[BlackElo "1773"]
[PlyCount "84"]
[EventDate "2021.09.04"]
[EventType "team-swiss"]
[EventRounds "9"]
[EventCountry "POL"]
[SourceTitle "CBM 204 Extra"]
[Source "ChessBase"]
[SourceDate "2021.11.30"]
[SourceVersion "1"]
[SourceVersionDate "2021.11.30"]
[SourceQuality "1"]
[WhiteTeam "Bydgoszcz Wiartrak"]
[BlackTeam "Olsztyn Trzydziestka"]
[WhiteTeamCountry "POL"]
[BlackTeamCountry "POL"]

1. e4 d6 2. d4 Nf6 3. Nc3 g6 4. f3 a6 5. Bc4 Bg7 6. Be3 0-0 7. Qd2 b5 8. Bb3 c6 9. Nge2 Nbd7 10. Rd1 Qc7 11. h4 a5 12. a3 b4 13. Nb1 c5 14. Bh6 a4 15. Bxg7 Kxg7 16. Ba2 Rb8 17. Qe3 h5 18. Nd2 Ba6 19. Bc4 cxd4 20. Qxd4 Bxc4 21. Nxc4 Rfc8 22. Ne3 Qa5 23. 0-0 Ne5 24. f4 Nc6 25. Qd3 Qc5 26. Kh1 Na5 27. Rf3 bxa3 28. bxa3 Nc4 29. Nxc4 Qxc4 30. e5 dxe5 31. fxe5 Ng4 32. Rf4 Qxf4 33. Nxf4 Nf2+ 34. Kg1 Nxd3 35. Rxd3 Rd8 36. Rg3 Rd4 37. Nd3 Rc8 38. Nb4 Rxh4 39. Rd3 Re4 40. Rd5 Rc3 41. Rd3 Rxd3 42. Nxd3 Rc4 0-1

[Event "POL-ch U16"]
[Site "Szklarska Poreba"]
[Date "2020.03.13"]
[Round "7"]
[White "Strepikowski, Pawel"]
[Black "Gardian, Adam"]
[Result "0-1"]
[WhiteElo "1676"]
[BlackElo "1709"]
[PlyCount "46"]
[EventDate "2020.03.07"]
[EventType "swiss"]
[EventRounds "8"]
[EventCountry "POL"]
[SourceTitle "CBM 195 Extra"]
[Source "ChessBase"]
[SourceDate "2020.05.31"]
[SourceVersion "1"]
[SourceVersionDate "2020.05.31"]
[SourceQuality "1"]

1. e4 d6 2. d4 Nf6 3. Nc3 Nbd7 4. f4 e5 5. Nf3 exd4 6. Nxd4 g6 7. Bc4 Bg7 8. 0-0 0-0 9. f5 a6 10. a4 Qe8 11. fxg6 hxg6 12. Nd5 Nxd5 13. exd5 Qe4 14. Rf4 Qe7 15. Rf1 Ne5 16. Be2 Bd7 17. Nf3 Rae8 18. Re1 Nxf3+ 19. gxf3 Qh4 20. Rf1 Bd4+ 21. Kh1 Bh3 22. Rg1 Qf2 23. Bd3 Bg2+ 0-1

[Event "POL-ch U16"]
[Site "Szklarska Poreba"]
[Date "2020.03.13"]
[Round "8"]
[White "Werner, Kacper"]
[Black "Strepikowski, Pawel"]
[Result "0-1"]
[WhiteElo "1591"]
[BlackElo "1676"]
[PlyCount "64"]
[EventDate "2020.03.07"]
[EventType "swiss"]
[EventRounds "8"]
[EventCountry "POL"]
[SourceTitle "CBM 195 Extra"]
[Source "ChessBase"]
[SourceDate "2020.05.31"]
[SourceVersion "1"]
[SourceVersionDate "2020.05.31"]
[SourceQuality "1"]

1. e4 c5 2. Nf3 d6 3. Bb5+ Bd7 4. Bxd7+ Qxd7 5. d4 cxd4 6. Nxd4 Nf6 7. Nc3 e6 8. 0-0 Be7 9. Be3 0-0 10. f4 Nc6 11. Qf3 a6 12. Kh1 b5 13. Rg1 Rac8 14. Rac1 Nxd4 15. Bxd4 b4 16. Nd1 Qa4 17. b3 Qxa2 18. Ne3 Qa5 19. g4 d5 20. e5 Ne4 21. g5 Bc5 22. Bxc5 Qxc5 23. f5 Qc3 24. Qf4 Qd2 25. Rcf1 Rc3 26. fxe6 Qxe3 27. exf7+ Kh8 28. g6 Qxf4 29. Rxf4 Rc6 30. Rh4 Nf2+ 31. Kg2 Rxg6+ 32. Kxf2 Rxf7+ 0-1

[Event "POL-ch U16"]
[Site "Szklarska Poreba"]
[Date "2020.03.07"]
[Round "1"]
[White "Panek, Bartosz"]
[Black "Strepikowski, Pawel"]
[Result "1-0"]
[WhiteElo "1979"]
[BlackElo "1676"]
[PlyCount "81"]
[EventDate "2020.03.07"]
[EventType "swiss"]
[EventRounds "8"]
[EventCountry "POL"]
[SourceTitle "CBM 195 Extra"]
[Source "ChessBase"]
[SourceDate "2020.05.31"]
[SourceVersion "1"]
[SourceVersionDate "2020.05.31"]
[SourceQuality "1"]

1. e4 d6 2. d4 Nf6 3. Bd3 g6 4. Nf3 Bg7 5. 0-0 0-0 6. c3 Nc6 7. Re1 e5 8. Nbd2 Nh5 9. Nb3 Kh8 10. h3 f5 11. exf5 gxf5 12. Nxe5 dxe5 13. Qxh5 exd4 14. Bg5 Qd6 15. Nxd4 Nxd4 16. Be7 Qb6 17. Bxf8 Bxf8 18. cxd4 Bd7 19. Qf7 Qxd4 20. Bc4 Qg7 21. Qxg7+ Kxg7 22. Rad1 Bd6 23. Be6 Bxe6 24. Rxe6 Kf7 25. Rde1 f4 26. R1e4 Rg8 27. Kf1 Rg5 28. Re1 Ra5 29. a3 Rb5 30. R6e2 a5 31. Rc2 Kf6 32. Rd1 Ke6 33. Rdd2 Be5 34. Ke2 Rb3 35. Rd3 Rxb2 36. Rxb2 Bxb2 37. Rb3 Be5 38. Rxb7 Bd6 39. a4 Kd7 40. Rb5 Bb4 41. Rf5 1-0

[Event "Bialystok Zamenhof Memorial-C 35th"]
[Site "Bialystok"]
[Date "2017.12.30"]
[Round "7.28"]
[White "Strepikowski, Pawel"]
[Black "Matejczyk, Jakub"]
[Result "0-1"]
[WhiteElo "1457"]
[BlackElo "1555"]
[PlyCount "44"]
[EventDate "2017.12.27"]
[EventType "swiss"]
[EventRounds "9"]
[EventCountry "POL"]
[SourceTitle "EXT 2023"]
[Source "ChessBase"]
[SourceDate "2022.10.05"]
[SourceVersion "1"]
[SourceVersionDate "2022.10.05"]
[SourceQuality "1"]

1. e4 e5 2. Nf3 Nc6 3. Bb5 a6 4. Ba4 Nf6 5. 0-0 Be7 6. Re1 b5 7. Bb3 0-0 8. c3 d5 9. exd5 Nxd5 10. Nxe5 Nxe5 11. Rxe5 c6 12. d4 Bd6 13. Bxd5 Bxe5 14. Bxc6 Bxh2+ 15. Kxh2 Qd6+ 16. Kg1 Qxc6 17. Qd3 Bb7 18. Qg3 Rae8 19. Be3 f5 20. Nd2 f4 21. Qg5 fxe3 22. fxe3 Rxe3 0-1